Statistics for Πρωτεύουσες του Κόσμου

Click here to take the quiz!

General Stats

  • This quiz has been taken 931 times
  • The average score is 108 of 196

Answer Stats

ΧώραΠρωτεύουσα/ες% Correct
ΑλβανίαΤίρανα
96%
ΕλλάδαΑθήνα
95%
ΓερμανίαΒερολίνο
93%
ΓαλλίαΠαρίσι
93%
Ηνωμένο ΒασίλειοΛονδίνο
92%
ΒουλγαρίαΣόφια
92%
ΙταλίαΡώμη
92%
Ολλανδία (Κάτω Χώρες)Άμστερνταμ / Χάγη
90%
ΙσπανίαΜαδρίτη
89%
ΑυστρίαΒιέννη
89%
ΒέλγιοΒρυξέλλες
88%
ΡωσίαΜόσχα
88%
ΝορβηγίαΌσλο
88%
Άγιος Μαρίνος (Σαν Μαρίνο)Άγιος Μαρίνος (Σαν Μαρίνο)
86%
Πόλη του ΒατικανούΠόλη του Βατικανού
86%
ΜονακόΠόλη του Μονακό
86%
Βόρεια ΜακεδονίαΣκόπια
86%
ΤσεχίαΠράγα
85%
ΟυγγαρίαΒουδαπέστη
83%
ΡουμανίαΒουκουρέστι
82%
ΙαπωνίαΤόκυο
82%
ΟυκρανίαΚίεβο
82%
ΛουξεμβούργοΠόλη του Λουξεμβούργου
82%
ΙρλανδίαΔουβλίνο
82%
ΠολωνίαΒαρσοβία
81%
ΕσθονίαΤάλιν
81%
ΦινλανδίαΕλσίνκι
81%
ΣερβίαΒελιγράδι
80%
ΕλβετίαΒέρνη
80%
ΣουηδίαΣτοκχόλμη
80%
Κίνα (ΛΔΚ)Πεκίνο
80%
ΜάλταΒαλέτα
80%
ΚροατίαΖάγκρεμπ
80%
ΤουρκίαΆγκυρα
80%
ΚύπροςΛευκωσία
79%
ΗΠΑΟυάσινγκτον Π.Κ
79%
ΔανίαΚοπεγχάγη
79%
ΜεξικόΠόλη του Μεξικού
79%
ΑνδόρραΑνδόρρα λα Βέλλια
79%
ΛευκορωσίαΜινσκ
77%
ΙνδίαΝέο Δελχί
76%
ΑίγυπτοςΚάιρο
76%
ΙσλανδίαΡέυκιαβικ
76%
ΛετονίαΡίγα
75%
Βοσνία & ΕρζεγοβίνηΣαράγεβο
74%
ΣλοβακίαΜπρατισλάβα
73%
ΣλοβενίαΛιουμπλιάνα
73%
ΚαναδάςΟττάβα
72%
ΙσραήλΙερουσαλήμ / Τελ Αβίβ
72%
ΠορτογαλίαΛισσαβώνα
71%
ΑργεντινήΜπουένος Άιρες
70%
ΒραζιλίαΜπραζίλια
69%
ΛιθουανίαΒίλνιους
69%
ΑυστραλίαΚανμπέρα
68%
ΙράνΤεχεράνη
68%
ΚούβαΑβάνα
67%
ΜολδαβίαΚισινάου
67%
ΙράκΒαγδάτη
67%
Νότια ΚορέαΣεούλ
67%
ΓεωργίαΤιφλίδα
67%
ΛίχτενσταϊνΒαντούζ
66%
ΜαυροβούνιοΠοντγκόριτσα
65%
ΑζερμπαϊτζάνΜπακού
65%
ΠερούΛίμα
65%
ΒιετνάμΑνόι
65%
ΣυρίαΔαμασκός
65%
ΚόσοβοΠρίστινα
64%
ΑλγερίαΑλγέρι
64%
ΙορδανίαΑμμάν
63%
ΦιλιππίνεςΜανίλα
62%
ΙνδονησίαΤζακάρτα
62%
ΑρμενίαΓερεβάν
62%
ΠαναμάςΠόλη του Παναμά
61%
ΒενεζουέλαΚαράκας
61%
Ηνωμένα Αραβικά ΕμιράταΆμπου Ντάμπι
61%
ΛίβανοςΒηρυτός
60%
ΑφγανιστάνΚαμπούλ
59%
ΛιβύηΤρίπολη
59%
ΠακιστάνΙσλαμαμπάντ
58%
ΚατάρΝτόχα
58%
ΣιγκαπούρηΣιγκαπούρη
58%
ΚουβέιτΠόλη του Κουβέιτ
57%
ΧιλήΣαντιάγο
56%
Σαουδική ΑραβίαΡιάντ
56%
ΚολομβίαΜπογκοτά
56%
ΤαϊλάνδηΜπανγκόκ
55%
ΑιθιοπίαΑντίς Αμπέμπα (ή Αμπάμπα)
55%
ΜαλαισίαΚουάλα Λουμπούρ
54%
ΜαρόκοΡαμπάτ
54%
ΜογγολίαΟυλαανμπαατάρ (Ουλάν Μπατόρ)
53%
Ταϊβάν (Δημοκρατία της Κίνας)Ταϊπέι
53%
ΝεπάλΚατμαντού
53%
ΜπανγκλαντέςΝτάκα
53%
ΤυνησίαΤύνιδα
53%
ΚένυαΝαϊρόμπι
53%
ΟυρουγουάηΜοντεβιδέο
53%
Νότια ΑφρικήΠρετόρια / Κέιπ Τάουν / Μπλοεμφοντέιν
52%
ΚαζακστάνΝουρ Σουλτάν / Αστάνα
52%
ΟυζμπεκιστάνΤασκένδη
52%
Ισημερινός (Εκουαδόρ)Κίτο
51%
Βόρεια ΚορέαΠιονγκγιάνγκ
51%
Ελ ΣαλβαδόρΣαν Σαλβαδόρ
50%
ΤζαμάικαΚίνγκστον
50%
Δομινικανή ΔημοκρατίαΆγιος Δομίνικος (Σάντο Ντομίνγκο)
49%
ΚαμπότζηΠνομ Πεν
49%
ΓουατεμάλαΠόλη της Γουατεμάλας (Σιουδάδ δε Γουατεμάλα)
49%
ΝικαράγουαΜανάγουα
48%
ΒολιβίαΣούκρε / Λα Πας
48%
ΠαραγουάηΑσουνσιόν
47%
ΜαδαγασκάρηΑνταναναρίβο
47%
ΣουδάνΧαρτούμ
46%
Κόστα ΡίκαΣαν Χοσέ
46%
ΥεμένηΣαναά / Άντεν
46%
ΑϊτήΠορτ-ο-Πρενς
46%
Νέα ΖηλανδίαΟυέλλινγκτον
45%
ΜαλδίβεςΜαλέ
45%
ΣενεγάληΝτακάρ
44%
Ανατολικό Τιμόρ (Τιμόρ-Λέστε)Ντίλι
44%
ΓκάναΆκκρα
44%
Γουινέα-ΜπισσάουΜπισσάου
43%
ΖιμπάμπουεΧαράρε
43%
ΛάοςΒιεντιάν
43%
ΣουρινάμΠαραμαρίμπο
43%
ΣεϋχέλλεςΒικτώρια
42%
Κιργιστάν (Κιργιζία)Μπισκέκ
42%
ΓουιάναΤζώρτζταουν
42%
ΤζιμπουτίΠόλη του Τζιμπουτί
42%
ΤανζανίαΝτοντόμα / Νταρ ες Σαλάμ
42%
ΜπουτάνΘιμφού (Τιμπού)
42%
ΜπαχάμεςΝασσάου (Νάσω)
42%
Σρι ΛάνκαΣρι Τζάγιαβαρντενεπουρα Κότε
41%
ΑνγκόλαΛουάντα
41%
Λαϊκή Δημοκρατία του ΚονγκόΚινσάσα
41%
Σάο Τομέ και ΠρίνσιπεΣάο Τομέ
41%
ΜπαχρέινΜανάμα
41%
ΟνδούραΤεγκουσιγκάλπα
41%
ΟμάνΜουσκάτ
41%
ΝιγηρίαΑμπούτζα
40%
ΜπελίζΜπελμοπάν
40%
ΦίτζιΣούβα
39%
ΕρυθραίαΑσμάρα
39%
Μπουρκίνα ΦάσοΟυαγκαντούγκου
39%
ΔομίνικαΡοζό
39%
Πράσινο ΑκρωτήριΠράγια
38%
ΡουάνταΚιγκάλι
38%
ΤουρκμενιστάνΑσγκαμπάτ
38%
ΜπαρμπάντοςΜπρίτζταουν
38%
Ακτή ΕλεφαντοστούΓιαμουσσούκρο / Αμπιτζάν
38%
ΝίγηραςΝιαμέι
38%
Άγιος Βικέντιος και ΓρεναδίνεςΚίνγκσταουν
38%
ΛιβερίαΜονρόβια
38%
ΖάμπιαΛουζάκα
37%
ΣομαλίαΜογκαντίσου
37%
ΚαμερούνΓιαουντέ
37%
ΜποτσουάναΓκαμπορόνε
37%
Τρινιντάντ και ΤομπάγκοΠορτ οφ Σπέιν
36%
ΜαυρίκιοςΠορ Λουί
36%
Σιέρρα ΛεόνεΦρίταουν
36%
ΤσαντΝτζαμένα
36%
Κεντροαφρικανική ΔημοκρατίαΜπανγκί
36%
Παπούα Νέα ΓουινέαΠορτ Μόρεσμπι
36%
ΓκαμπόνΛιμπρεβίλ
36%
ΤατζικιστάνΝτουσαμπέ
36%
ΜπρουνέιΜπαντάρ Σερί Μπεγκαβάν
36%
ΓουινέαΚόνακρυ
35%
ΒανουάτουΠορτ Βίλα
35%
Αντίγκουα και ΜπαρμπούνταΣαιντ Τζονς
35%
ΚομόρεςΜορονί
35%
ΣαμόαΑπία
35%
Δημοκρατία του ΚονγκόΜπραζαβίλ
35%
ΟυγκάνταΚαμπάλα
35%
ΜπενίνΠόρτο-Νόβο / Κοτονού
35%
ΜάλιΜπαμάκο
35%
ΜαυριτάνιαΝουακσότ
35%
ΜοζαμβίκηΜαπούτο
35%
ΤόγκοΛομέ
34%
Λεσούτου (Λεσότο)Μαζέρου
34%
ΜαλάουιΛιλόνγκουε
34%
ΜπουρούντιΓκιτέγκα
34%
Αγία ΛουκίαΚάστριες
34%
Άγιος Χριστόφορος και ΝέβιςΜπαστέρ
33%
ΤουβαλούΦουναφούτι
33%
Ισημερινή ΓουινέαΜαλάμπο
33%
ΕσουατίνιΜπαμπάνε / Λομπάμπα
33%
ΝαμίμπιαΒίντχουκ
33%
ΓκάμπιαΜπαντζούλ
32%
ΓρενάδαΣαιντ Τζωρτζ'ς
32%
Μιανμάρ (Βιρμανία)Νέπιντο
32%
Νότιο ΣουδάνΤζούμπα
32%
Νήσοι ΣολομώνταΧονιάρα
31%
Νήσοι ΜάρσαλΜατζούρο
31%
ΤόνγκαΝούκουαλόφα
30%
ΝαουρούΓιαρέν
30%
Μικρονησία (Ομόσπονδες Πολιτείες της *)Παλικίρ
29%
ΠαλάουΝγκερουλμούντ
26%
Κιριμπάς (Κιριμπάτι)Νότια Ταράουα
26%

Score Distribution

Percentile by Number Answered

Percent of People with Each Score

Your Score History

You have not taken this quiz